Responsible restructuring :creative and profitable alternatives to layoffs / (Record no. 2353)

000 -LEADER
fixed length control field 01221cam a22003374a 4500
001 - CONTROL NUMBER
control field 12694789
003 - CONTROL NUMBER IDENTIFIER
control field OSt
005 - DATE AND TIME OF LATEST TRANSACTION
control field 20160713093725.0
008 - FIXED-LENGTH DATA ELEMENTS--GENERAL INFORMATION
fixed length control field 020307s2002 caua b 001 0 eng
010 ## - LIBRARY OF CONGRESS CONTROL NUMBER
LC control number 2002018501
020 ## - INTERNATIONAL STANDARD BOOK NUMBER
International Standard Book Number 1576751295 (alk. paper)
040 ## - CATALOGING SOURCE
Original cataloging agency DLC
Transcribing agency DLC
Modifying agency DLC
042 ## - AUTHENTICATION CODE
Authentication code pcc
050 00 - LIBRARY OF CONGRESS CALL NUMBER
Classification number HD58.8.C365 2002
082 00 - DEWEY DECIMAL CLASSIFICATION NUMBER
Classification number 658.4/02
Edition number 21
100 1# - MAIN ENTRY--PERSONAL NAME
Personal name Cascio, Wayne F.
245 10 - TITLE STATEMENT
Title Responsible restructuring :creative and profitable alternatives to layoffs /
Statement of responsibility, etc Wayne F. Cascio.
250 ## - EDITION STATEMENT
Edition statement 1st ed.
260 ## - PUBLICATION, DISTRIBUTION, ETC. (IMPRINT)
Place of publication, distribution, etc San Francisco, CA :
Name of publisher, distributor, etc Berrett-Koehler,
Date of publication, distribution, etc c2002.
300 ## - PHYSICAL DESCRIPTION
Extent xv, 126 p. :
Other physical details ill. ;
Dimensions 24 cm.
504 ## - BIBLIOGRAPHY, ETC. NOTE
Bibliography, etc Includes bibliographical references and index.
650 #0 - SUBJECT ADDED ENTRY--TOPICAL TERM
Topical term or geographic name as entry element Corporate reorganizations.
650 #0 - SUBJECT ADDED ENTRY--TOPICAL TERM
Topical term or geographic name as entry element Corporate reorganizations
Form subdivision Case studies.
650 #0 - SUBJECT ADDED ENTRY--TOPICAL TERM
Topical term or geographic name as entry element Employees
General subdivision Training of.
650 #0 - SUBJECT ADDED ENTRY--TOPICAL TERM
Topical term or geographic name as entry element Organizational effectiveness.
650 #0 - SUBJECT ADDED ENTRY--TOPICAL TERM
Topical term or geographic name as entry element Employees
General subdivision Dismissal of.
856 42 - ELECTRONIC LOCATION AND ACCESS
Materials specified Publisher description
Uniform Resource Identifier <a href="http://www.loc.gov/catdir/enhancements/fy0715/2002018501-d.html">http://www.loc.gov/catdir/enhancements/fy0715/2002018501-d.html</a>
906 ## - LOCAL DATA ELEMENT F, LDF (RLIN)
a 7
b cbc
c orignew
d 1
e ocip
f 20
g y-gencatlg
942 ## - ADDED ENTRY ELEMENTS (KOHA)
Source of classification or shelving scheme
Koha item type Book
Holdings
Withdrawn status Lost status Source of classification or shelving scheme Damaged status Not for loan Home library Current library Shelving location Date acquired Total Checkouts Full call number Barcode Date last seen Copy number Price effective from Koha item type
          Riara University Library Riara University Library General stack 13/07/2016   HD58.8.C365 2002 7207/16 13/07/2016 C.1 13/07/2016 Book

Riara University Library,
P.O. Box 49940-00100,
Nairobi, Kenya.